00452nam a22001337a 4500952014600000999001700146020002000163082001800183100001900201245005700220260002000277300001400297942000700311 001040708SOCIAL SCIENCEaMESbMEScSOCIAL SCIENCEd2021-04-07g299.00l0o302.14 RUK/Gp41010r2021-04-07 00:00:00w2021-04-07yBKzGL50R2 c41219d41219 a 97885386867179 a302.14bRUK/G aEisa, Rukshana aThe Golden Code: Mastering the art of social success aMumbai:bJaico, a153 pages cBK